{"text_format":"3","workbook":"xlsx","n_sheets":1,"sheets":["Hoja1"],"read":"whole","date_system":"1900"}

{"sheet":"Hoja1","index":0,"n_rows":113,"n_cols":8,"rows_kept":113,"merged":[[0,0,0,7],[1,0,1,7],[2,0,2,7]]}
["Hospital General De Especialidades Dr. Mario Tolentino Dipp"]
["Inventario - Despensa"]
["AL 30 SEPTIEMBRE 2025"]
[]
["Fecha","Fecha","Codigo "]
["de aquisicion","Registro","Institucional","Descripción","Existencia","Unidad","Costo","Total"]
["2025-09-29","2025-09-30","DESPENSA","ACEITE  7.37 LITROS",22,"UD",1231,{"$f":"E7*G7","v":27082}]
["2025-09-29","2025-09-30","DESPENSA","ACEITE DE OLIVA EXT VIRG 5 LIT",4,"UD",5355,21420]
["2025-09-29","2025-09-30","DESPENSA","ACEITE LATA 30 LIBRAS",0,"UD",null,0]
["2025-09-29","2025-09-30","DESPENSA","AJI CUBANELA",71,"LB",55,3905]
["2025-09-29","2025-09-30","DESPENSA","AJI MORRON",95,"LB",83,7885]
["2025-09-29","2025-09-30","DESPENSA","AJO EN GRANO",72,"LB",101,7272]
["2025-09-29","2025-09-30","DESPENSA","ANIS DULCE  ",2,"LB",300,600]
["2025-09-29","2025-09-30","DESPENSA","ANIS ESTRELLA  ",1,"LB",300,300]
["2025-09-29","2025-09-30","DESPENSA","APIO",5,"LB",60,300]
["2025-09-29","2025-09-30","DESPENSA","ARENQUE",54,"LB",180,{"$f":"E16*G16","v":9720}]
["2025-09-29","2025-09-30","DESPENSA","ARROZ  ",875,"LB",40,35000]
["2025-09-29","2025-09-30","DESPENSA","ARVEJAS",0,"LB",null,0]
["2025-09-29","2025-09-30","DESPENSA","AUYAMA",208,"LB",35,7280]
["2025-09-29","2025-09-30","DESPENSA","AVENA INST FUNDAS 618 GR",0,"UD",140,0]
["2025-09-29","2025-09-30","DESPENSA","AZUCAR CREMA",525,"LB",35,18375]
["2025-09-29","2025-09-30","DESPENSA","AVENA A GRANEL",160,"LB",45,7200]
["2025-09-29","2025-09-30","DESPENSA","AZUCAR REFINA ",0,"LB",39.56,{"$f":"E23*G23","v":0}]
["2025-09-29","2025-09-30","DESPENSA","BACALAO ",0,"LB",148.2,0]
["2025-09-29","2025-09-30","DESPENSA","BERENJENA",45,"LB",30,1350]
["2025-09-29","2025-09-30","DESPENSA","CAFÉ MOLIDO  ",185,"UD",270,49950]
["2025-09-29","2025-09-30","DESPENSA","CALDO DE POLLO CAJA 12/1 ",45,"UD",7.42,333.9]
["2025-09-29","2025-09-30","DESPENSA","CANELA ENTERA  ",18,"LB",540,9720]
["2025-09-29","2025-09-30","DESPENSA","CANELA MOLIDA ",0,"LB",350,0]
["2025-09-29","2025-09-30","DESPENSA","CARNE DE CERDO",0,"LB",118.94,0]
["2025-09-29","2025-09-30","DESPENSA","CARNE DE POLLO ",312,"LB",83.7,26114.4]
["2025-09-29","2025-09-30","DESPENSA","CARNE DE RES # 7",225,"LB",164.5,37012.5]
["2025-09-29","2025-09-30","DESPENSA","CEBOLLA ROJA",50,"LB",60,3000]
["2025-09-29","2025-09-30","DESPENSA","CHINOLA",40,"UD",29,1160]
["2025-09-29","2025-09-30","DESPENSA","CHULETA ",360,"LB",200,72000]
["2025-09-29","2025-09-30","DESPENSA","CILANTRO ANCHO",5,"LB",75,375]
["2025-09-29","2025-09-30","DESPENSA","CLAVO DULCE  ",2,"LB",280,560]
["2025-09-29","2025-09-30","DESPENSA","COCOA EN POLVO 2LB",24,"UD",341.66,8199.84]
["2025-09-29","2025-09-30","DESPENSA","ESPIRALES  (350 GR)",0,"UD",45.56,0]
["2025-09-29","2025-09-30","DESPENSA","FIDEOS FINOS  (1 LB)",202,"UD",35,7070]
["2025-09-29","2025-09-30","DESPENSA","FLOR DE TILO",20,"LB",1055,21100]
["2025-09-29","2025-09-30","DESPENSA","GALLETA DE SODA CAJA 20/1",360,"UD",207.63,74746.8]
["2025-09-29","2025-09-30","DESPENSA","GELATINA ",78,"UD",20,1560]
["2025-09-29","2025-09-30","DESPENSA","GUANDULES VERDES ",0,"LB",null,0]
["2025-09-29","2025-09-30","DESPENSA","GUANDULES VERDES LATA 15 OZ",0,"UD",84.11,0]
["2025-09-29","2025-09-30","DESPENSA","GUANDULES VERDES LATA 6.10LB",0,"UD",587.16,0]
["2025-09-29","2025-09-30","DESPENSA","GUINEO MADURO",150,"UD",7,1050]
["2025-09-29","2025-09-30","DESPENSA","GUINEOS VERDES",1325,"UD",7,{"$f":"E48*G48","v":9275}]
["2025-09-29","2025-09-30","DESPENSA","HABICHUELA ENLATADA",0,"UD",null,0]
["2025-09-29","2025-09-30","DESPENSA","HABICHUELAS BLANCAS ",0,"LB",null,0]
["2025-09-29","2025-09-30","DESPENSA","HABICHUELAS GIRAS ",203,"LB",65,13195]
["2025-09-29","2025-09-30","DESPENSA","HABICHUELAS JACOMELO ",107,"LB",66.11,7073.7699999999995]
["2025-09-29","2025-09-30","DESPENSA","HABICHUELAS NEGRAS ",215,"LB",65,13975]
["2025-09-29","2025-09-30","DESPENSA","HABICHUELAS ROJAS ",0,"LB",null,0]
["2025-09-29","2025-09-30","DESPENSA","HARINA DE MAIZ 397 GR",100,"UD",24.64,2464]
["2025-09-29","2025-09-30","DESPENSA","HOJA DE LAUREL ",11,"LB",550,6050]
["2025-09-29","2025-09-30","DESPENSA","HUEVOS ",3690,"UD",7.67,28302.3]
["2025-09-29","2025-09-30","DESPENSA","JAMON PECHUGA DE PAVO ",0,"LB",337.9,0]
["2025-09-29","2025-09-30","DESPENSA","JENGIBRE",0,"LB",270,0]
["2025-09-29","2025-09-30","DESPENSA","JUGOS 1LT",0,"UD",83.33,0]
["2025-09-29","2025-09-30","DESPENSA","JUGOS 200ML",0,"UD",16.04,0]
["2025-09-29","2025-09-30","DESPENSA","LECHE BLANCA DESCREMADA 1 LT",120,"UD",142.37,17084.4]
["2025-09-29","2025-09-30","DESPENSA","LECHE BLANCA ENTERA 1LT",480,"UD",82.62,39657.600000000006]
["2025-09-29","2025-09-30","DESPENSA","LECHE EVAPORADA 312GR",2560,"UD",74,189440]
["2025-09-29","2025-09-30","DESPENSA","LECHOSA",18,"LB",37,666]
["2025-09-29","2025-09-30","DESPENSA","LECHE SEMI DESCREMADA ",0,"UD",95,0]
["2025-09-29","2025-09-30","DESPENSA","LENTEJAS ",60,"LB",65,{"$f":"E67*G67","v":3900}]
["2025-09-29","2025-09-30","DESPENSA","LIMON",17,"LB",92,1564]
["2025-09-29","2025-09-30","DESPENSA","MAIZENA 425GR",0,"UD",115,0]
["2025-09-29","2025-09-30","DESPENSA","MALAGUETA",13,"LB",350,4550]
["2025-09-29","2025-09-30","DESPENSA","MANTEQUILLA TARRO 5LB",0,"UD",950,0]
["2025-09-29","2025-09-30","DESPENSA","MANZANILLA ",15,"LB",445,6675]
["2025-09-29","2025-09-30","DESPENSA","MARGARINA TARRO 5LB",0,"UD",550,0]
["2025-09-29","2025-09-30","DESPENSA","MAYONESA GALON",0,"UD",794.49,0]
["2025-09-29","2025-09-30","DESPENSA","MELON",10,"LIB",42,420]
["2025-09-29","2025-09-30","DESPENSA","NARANJA AGRIA ",55,"UD",30,1650]
["2025-09-29","2025-09-30","DESPENSA","OREGANO MOLIDO",5,"LB",225,1125]
["2025-09-29","2025-09-30","DESPENSA","OREGANO ENTERO ",15,"LB ",336,5040]
["2025-09-29","2025-09-30","DESPENSA","PAN BLANCO VIGAS",40,"UD",268,10720]
["2025-09-29","2025-09-30","DESPENSA","PAN INTEGRAL VIGAS",36,"UD",294,10584]
["2025-09-29","2025-09-30","DESPENSA","PAPA ",190,"LB",38,7220]
["2025-09-29","2025-09-30","DESPENSA","PASTA DE TOMATE 7LB",2,"UD",493,986]
["2025-09-29","2025-09-30","DESPENSA","PIMIENTA NEGRA ENTERA",1,"LB",1100,1100]
["2025-09-29","2025-09-30","DESPENSA","PIMIENTA MOLIDA ",0,"LB",1000,0]
["2025-09-29","2025-09-30","DESPENSA","PIÑA",13,"LIB",93,{"$f":"E85*G85","v":1209}]
["2025-09-29","2025-09-30","DESPENSA","PLATANOS  VERDES",196,"UD",35,6860]
["2025-09-29","2025-09-30","DESPENSA","QUESO AMARILLO CHEEDAR ",20,"LB",185,3700]
["2025-09-29","2025-09-30","DESPENSA","QUESO BLANCO DE FREIR",15,"LB",90,1350]
["2025-09-29","2025-09-30","DESPENSA","QUESO CREMA",5,"LB",276.4,1382]
["2025-09-29","2025-09-30","DESPENSA","SAL MOLIDA ",320,"LB",8.82,2822.4]
["2025-09-29","2025-09-30","DESPENSA","SAL MOLIDA TARRO DE 5 LB",0,"UD",44.09,0]
["2025-09-29","2025-09-30","DESPENSA","SALAMI ",40,"LB",131.52,5260.8]
["2025-09-29","2025-09-30","DESPENSA","SALSA CHINA GALON",48,"UD",80,3840]
["2025-09-29","2025-09-30","DESPENSA","SALSA INGLESA GALON",0,"UD",null,0]
["2025-09-29","2025-09-30","DESPENSA","SALCHICHAS DE DESAYUNO 16 GR",0,"UD",400,0]
["2025-09-29","2025-09-30","DESPENSA","SANDIA",30,"LB",54,1620]
["2025-09-29","2025-09-30","DESPENSA","SAZON CON COLOR ( AZAFRAN) ",0,"UD",70,0]
["2025-09-29","2025-09-30","DESPENSA","SAZON COMPLETO",235,"UD",67,{"$f":"E98*G98","v":15745}]
["2025-09-29","2025-09-30","DESPENSA","TAYOTA",33,"LB",35,1155]
["2025-09-29","2025-09-30","DESPENSA","TOMATE BARCELO",15,"LB",30,450]
["2025-09-29","2025-09-30","DESPENSA","TOMATE BUGALU",42,"LB",45,1890]
["2025-09-29","2025-09-30","DESPENSA","TOMATE CHINOS",5,"LB",45,225]
["2025-09-29","2025-09-30","DESPENSA","TRIGO",250,"LB",55.2,13800]
["2025-09-29","2025-09-30","DESPENSA","TUNA - ATUN",0,"UD",66.09,0]
["2025-09-29","2025-09-30","DESPENSA","VERDURA",5,"LB",75,375]
["2025-09-29","2025-09-30","DESPENSA","VINAGRE BLANCO GALON ",22,"UD",87.75,1930.5]
["2025-09-29","2025-09-30","DESPENSA","YAUTIA COCO",326,"LB",65,21190]
["2025-09-29","2025-09-30","DESPENSA","YOGOURT 8 oz NATURAL ",197,"UD",37.81,7448.570000000001]
["2025-09-29","2025-09-30","DESPENSA","YUCA",110,"LB",23,2530]
["2025-09-29","2025-09-30","DESPENSA","ZANAHORIA",74,"LB",45,3330]
[{"$nulls":4},0]
[]
["Total",{"$nulls":3},{"$f":"SUM(E7:E112)","v":{"v":15504,"d":"15,504"}},null,{"$f":"SUM(G7:G112)","v":{"v":23995.290000000008,"d":"23,995.29"}},{"$f":"SUM(H7:H112)","v":{"v":942471.78,"d":"942,471.78"}}]